عرض عادي
عرض مارك
- Computer technicians
مدخل مصطلح موضوعي
001 - رقم الضبط
- حقل الضبط: 4785
003 - معرف رقم الضبط
- حقل الضبط: OSt
005 - تاريخ ووقت أخر عملية
- حقل الضبط: 20110921182354.0
008 - عناصر بيانات ثابتة الطول
- حقل تحكم ثابت الطول: 110921|||a|||||| | ||| d
040 ## - مصدر الفهرسة
- هيئة الفهرسة الأصلية: OSt
- وكالة الكتابة: OSt
150 ## - مدخل-- مصطلح تاريخي
- عنصر مدخل المصطلح الموضوعي او الاسم الجغرافي: Computer technicians
- تفريع عام: Certification.1
670 ## - بيانات المصدر موجوده
- الاستشهاد بالمصدر: Work cat.: (OSt)786: Meyers, Michael, 1961- 4777, Mike Meyers' A+ guide to PC hardware lab manual /, c2004.
